| 000 | 00616nam a2200181Ia 4500 | ||
|---|---|---|---|
| 003 | GCL | ||
| 008 | 140319s9999 xx 000 0 ara d | ||
| 040 |
_aGCL / _cGCL |
||
| 082 | 0 | 4 |
_a346.048 _bم ت |
| 100 | 1 | _aالمؤسسة المصرية العامة للسينما | |
| 245 | 1 | 0 |
_aالتشريعات السينمائية فى الجمهورية العربية المتحدة / _cالمؤسسة المصرية العامة للسينما |
| 300 | _aمتعدد | ||
| 490 |
_aكتاب _v0 |
||
| 650 | 0 | 4 | _aالقانون |
| 650 | 0 | 4 | _aقوانين وتشريعات |
| 650 | 0 | 4 | _aالسينما |
| 942 |
_2ddc _cBK |
||
| 999 |
_c42310 _d42310 |
||